The Koran interpreted / (Record no. 1840)
[ view plain ]
| 000 -LEADER | |
|---|---|
| fixed length control field | 00831cac a22002535a 4500 |
| 005 - DATE AND TIME OF LATEST TRANSACTION | |
| control field | 20170926132527.0 |
| 008 - FIXED-LENGTH DATA ELEMENTS--GENERAL INFORMATION | |
| fixed length control field | 170926s1969 xxc fr 000 0 eng d |
| 040 ## - CATALOGING SOURCE | |
| Original cataloging agency | EG-ScBUE |
| Language of cataloging | eng |
| Transcribing agency | EG-ScBUE |
| Modifying agency | EG-ScBUE |
| 041 1# - LANGUAGE CODE | |
| Language code of text/sound track or separate title | eng |
| Language code of original and/or intermediate translations of text | ara |
| 082 04 - DEWEY DECIMAL CLASSIFICATION NUMBER | |
| Classification number | 297.122521 |
| Edition number | 22 |
| Item number | KOR |
| 130 0# - MAIN ENTRY--UNIFORM TITLE | |
| Uniform title | Qurʼan. |
| Language of a work | English. |
| 245 14 - TITLE STATEMENT | |
| Title | The Koran interpreted / |
| Statement of responsibility, etc | translation by Arthur J. Arberry. |
| 246 34 - VARYING FORM OF TITLE | |
| Title proper/short title | Koran |
| 260 ## - PUBLICATION, DISTRIBUTION, ETC. (IMPRINT) | |
| Place of publication, distribution, etc | Toronto : |
| Name of publisher, distributor, etc | Macmillan Company, |
| Date of publication, distribution, etc | 1969. |
| 300 ## - PHYSICAL DESCRIPTION | |
| Extent | 2 v. ; |
| Dimensions | 23 cm. |
| 500 ## - GENERAL NOTE | |
| General note | Index : p. 355-358. |
| 505 0# - FORMATTED CONTENTS NOTE | |
| Formatted contents note | v. 1. Suras I-XX.--v. 2. Suras XXI-CXIV. |
| 541 ## - IMMEDIATE SOURCE OF ACQUISITION NOTE | |
| Source of acquisition | Donations by Dr. Mostafa Gouda. |
| 546 ## - LANGUAGE NOTE | |
| Language note | Text in English ; Translation from Arabic. |
| 630 #7 - SUBJECT ADDED ENTRY--UNIFORM TITLE | |
| Source of heading or term | BUEsh |
| Uniform title | Qurʼan |
| 653 ## - INDEX TERM--UNCONTROLLED | |
| Resource For college | Generalities |
| Arrived date list | September2017 |
| 700 1# - ADDED ENTRY--PERSONAL NAME | |
| Personal name | Arberry, A. J. |
| Fuller form of name | (Arthur John), |
| Dates associated with a name | 1905-1969, |
| Relator term | translator. |
| 942 ## - ADDED ENTRY ELEMENTS (KOHA) | |
| Item type | Book - Borrowing |
| Call number prefix | 297 |
| Source of classification or shelving scheme | Dewey Decimal Classification |
| Withdrawn status | Item status | Source of classification or shelving scheme | Damaged status | Not for loan | Home library | Current library | Shelving location | Date acquired | Source of acquisition | Total Checkouts | Full call number | Barcode | Date last seen | Date last borrowed | Koha item type |
|---|---|---|---|---|---|---|---|---|---|---|---|---|---|---|---|
| Dewey Decimal Classification | Central Library | Central Library | Lower Floor | 18/12/2006 | Purchase | 2 | 297.122521 KOR | 000002477 | 15/07/2025 | 23/01/2012 | Book - Borrowing |